Participación y control ciudadanos : (Record no. 1990)
[ view plain ]
| 000 -LEADER | |
|---|---|
| fixed length control field | 00588nam a22001577a 4500 |
| 008 - FIXED-LENGTH DATA ELEMENTS--GENERAL INFORMATION | |
| fixed length control field | 140411b xxu||||| |||| 00| 0 spa d |
| 020 ## - INTERNATIONAL STANDARD BOOK NUMBER | |
| International Standard Book Number | 978-987-574-304-5 |
| 082 ## - DEWEY DECIMAL CLASSIFICATION NUMBER | |
| Edition number | 14 |
| Classification number | 324 |
| 100 1# - MAIN ENTRY--PERSONAL NAME | |
| 9 (RLIN) | 1870 |
| Personal name | Abal Medina, Juan Manuel |
| Relator term | editor |
| 245 10 - TITLE STATEMENT | |
| Title | Participación y control ciudadanos : |
| Remainder of title | el funcionamiento de los mecanismo institucionales electorales y societales de accountability en la Argentina. / |
| Statement of responsibility, etc | Compilador Juan Abal Medina. |
| 260 ## - PUBLICATION, DISTRIBUTION, ETC. (IMPRINT) | |
| Place of publication, distribution, etc | Buenos Aires : |
| Name of publisher, distributor, etc | Prometeo Libros, |
| Date of publication, distribution, etc | 2009. |
| 300 ## - PHYSICAL DESCRIPTION | |
| Extent | 320 p. |
| 650 #0 - SUBJECT ADDED ENTRY--TOPICAL TERM | |
| 9 (RLIN) | 548 |
| Topical term or geographic name as entry element | POLITICA |
| 650 #0 - SUBJECT ADDED ENTRY--TOPICAL TERM | |
| 9 (RLIN) | 547 |
| Topical term or geographic name as entry element | ELECCIONES |
| 942 ## - ADDED ENTRY ELEMENTS (KOHA) | |
| Source of classification or shelving scheme | Dewey Decimal Classification |
| Item type | Libro, folleto, traducción |
| 980 ## - EQUIVALENCE OR CROSS-REFERENCE-SERIES STATEMENT--PERSONAL NAME/TITLE [LOCAL, CANADA] | |
| Field link and sequence number | 1943 |
| Miscellaneous information | VALERIA BEATRIZ DOMÍNGUEZ |
| Withdrawn status | Lost status | Source of classification or shelving scheme | Damaged status | Not for loan | Home library | Current library | Date acquired | Total Checkouts | Full call number | Barcode | Date last seen | Copy number | Price effective from | Koha item type | Total Renewals | Date last borrowed |
|---|---|---|---|---|---|---|---|---|---|---|---|---|---|---|---|---|
| Dewey Decimal Classification | Biblioteca Central | Biblioteca Central | 11/04/2014 | 324 ABA M | UNAJ14040455 | 17/03/2025 | 1 | 11/04/2014 | Libro, folleto, traducción | |||||||
| Dewey Decimal Classification | Biblioteca Central | Biblioteca Central | 11/04/2014 | 324 ABA M | UNAJ14040456 | 17/03/2025 | 2 | 11/04/2014 | Libro, folleto, traducción | |||||||
| Dewey Decimal Classification | Biblioteca Central | Biblioteca Central | 11/04/2014 | 1 | 324 ABA M | UNAJ14040457 | 17/03/2025 | 3 | 11/04/2014 | Libro, folleto, traducción | 2 | 30/10/2023 |